Sanitation law and policy in India : (Record no. 104144)

MARC details
000 -LEADER
fixed length control field 00666nam a22001937a 4500
005 - DATE AND TIME OF LATEST TRANSACTION
control field 20181207125002.0
010 ## - LCCN (DPL NO)
LC control number ENG-116252
020 ## - INTERNATIONAL STANDARD BOOK NUMBER
International Standard Book Number 9780199456703
Terms of availability 1195.00
020 ## - INTERNATIONAL STANDARD BOOK NUMBER
International Standard Book Number 0199456704
Terms of availability 1195.00
035 ## - SYSTEM CONTROL NUMBER
System control number EN-99784
037 ## - SOURCE OF ACQUISITION
Source of stock number/acquisition DBAD/PUB
082 04 - DEWEY DECIMAL CLASSIFICATION NUMBER
Classification number 344.54046
245 04 - TITLE STATEMENT
Title Sanitation law and policy in India :
Remainder of title an introduction to basic instruments /
Statement of responsibility, etc by Philippe Cullet [and] Lovleen Bhullar
260 ## - PUBLICATION, DISTRIBUTION, ETC. (IMPRINT)
Place of publication, distribution, etc New Delhi
Name of publisher, distributor, etc Oxford University press
Date of publication, distribution, etc 2015
270 ## - ADDRESS
Address YMCA Library Building,1 Jaisingh Road
City New Delhi
Postal code 110001
300 ## - PHYSICAL DESCRIPTION
Extent xx,510 pages
Dimensions 22 cm.(Hb)
700 ## - ADDED ENTRY--PERSONAL NAME
Personal name Cullet,Philippe
942 ## - ADDED ENTRY ELEMENTS (KOHA)
Source of classification or shelving scheme Dewey Decimal Classification
Item type English Books
Classification part 344.54046
Call number suffix SAN
Holdings
Withdrawn status Lost status Not for loan Collection code Home library Current library Date acquired Source of acquisition Cost, normal purchase price Full call number Barcode Copy number Cost, replacement price Koha item type
    Not For Loan Non-fiction D.B.Act.Division Bawana 21/10/2016 DBAD/PUB 1195.00 344.54046 SAN EN-99784 1 1195.00 English Books

© Delhi Public Library
Hit Counter
free hit counter